• 首页
  • 本馆介绍
  • 公告通知
  • 最新文献
  • 馆藏检索
  • 电子资源
  • 读者导购
  • 参考咨询
  • 我的图书馆
  • 登录
  • 详细信息显示
  • 放入我的书架
  • 预约/预借图书
  • 作者相关作品
  • 分类相关作品
  • 丛书相关作品
  • 出版社相关作品

书目信息

  • 表格格式
  • 工作单格式
  • 卡片格式
题名:
颜真卿书法选
    
 
作者: 颜真卿 书
分册:  
出版信息: 深圳   海天出版社  1992.03
页数: 109页
开本: 19cm
丛书名:
单 册:
中图分类: J292.33
科图分类:
主题词: 书法--中国 , 篆刻--中国
电子资源:
ISBN: 7-80542-361-X
000 00582nam0 2200205 450
001 0836686407
005 20081021101422.86
010    @a7-80542-361-X@dCNY5.60
100    @a20081021d1992 km y0chiy0120 ea
101 0  @achi
102    @aCN
200 1  @a颜真卿书法选@Ayan zhen qing shu fa xuan@f颜真卿书@Fyan zhen qing shu
210    @a深圳@c海天出版社@d1992.03
215    @a109页@d19cm
606 0  @a书法@x中国
606 0  @a篆刻@x中国
690    @aJ292.33@v4
701  0 @a颜真卿@Ayan zhen qing@4书
801  0 @aCN@b大连网信软件有限公司图书馆·11@c20081021
905    @aBZT@dJ292.33@e33
    
    颜真卿书法选/颜真卿书.-深圳:海天出版社,1992.03
    109页;19cm
    
    
    ISBN 7-80542-361-X:CNY5.60
    
●
相关链接 在五车中查询图书 在当当中查询图书 在豆瓣中查询图书


正题名:颜真卿书法选     索取号:J292.33/33         预约/预借

序号 登录号 条形码 馆藏地/架位号 状态 备注
1 059516   201228527   中心书库中库/ 中库018架A面3列6层29/ [索取号:J292.33/33] 在馆    
2 059517   201228518   中心书库中库/ 中库018架B面5列4层42/ [索取号:J292.33/33] 在馆    
3 059518   201228536   中心书库中库/ 中库017架B面1列5层21/ [索取号:J292.33/33] 在馆    
4 059519   201228545   中心书库中库/ 中库018架A面3列6层28/ [索取号:J292.33/33] 在馆    
山东省滨州职业学院图书馆 欢迎您!
大连网信软件有限公司© 版权所有